| 000 | 01683nam a2200277 i 4500 | ||
|---|---|---|---|
| 003 | DO-SdBNP | ||
| 005 | 20250611120856.0 | ||
| 007 | ta | ||
| 008 | 250611t2011 dr o 000 0 spa d | ||
| 040 |
_aDO-SdBNP _bspa _cBNPHU _erda |
||
| 082 |
_axxxx _bL926 _222 |
||
| 100 | 1 |
_aLubbers, Eddie _eautor _4aut. _987025 |
|
| 245 | 1 | 0 |
_aZona colonial : _bSanto Domingo / _cEddie Lubbers |
| 250 | _aPrimera edición | ||
| 264 |
_aSanto Domingo : _b[editor no identificado], _c[2011]. |
||
| 300 |
_a[22] páginas _bfotografías : _c22 cm. |
||
| 336 |
_atexto _btxt _2rdacontent |
||
| 337 |
_asin mediación _bn _2rdamedia |
||
| 338 |
_avolumen _bnc _2rdacarrier |
||
| 500 | _aLibro en pasta dura. | ||
| 500 | _aLibro en español e inglés. | ||
| 505 |
_gCosas que ver -- _tAlcázar de Colón -- _tCatedral Primada de América -- _tMuseo de las Casas Reales -- _tQuinta Dominica -- _tRuinas de San Francisco -- _tRuinas del Hospital de Bari -- _tFortaleza Ozama -- _tCaoba cigars -- _tMuseo del ron y la caña -- _tMercado modelo -- _tBolos gallery -- _tCentro cultural de las telecomunicaciones / _gDónde quedarse -- _tHostal Nicolas de Ovando -- _tHotel Atarazana -- _tHotel Frances -- _tMecure comercial -- _tEuropa boutique -- _tHodelpa caribe colonial -- _tSuite colonial -- _tHotel discovery / _gDónde comer -- _tMeson de Bari -- _tPat e palo -- _tLa residence -- _tTaberna Vasca -- _tFalafel -- _tAngelo ristorante -- _tCafe Bellini -- _tPenalba cafetería -- _tAdrian Tropical -- _tLa cafetera / _gVida nocturna -- _tCasa de teatro -- _tKalimocho -- _tBoca negra -- _tMr. P. -- _tElement V -- _tSegafredo -- _tStudio lounge -- _tDoubles -- |
||
| 590 | _aInventariado, 2025/ YL | ||
| 910 | _aYLockward | ||
| 942 |
_2ddc _cLF2 |
||
| 999 |
_c59229 _d59229 |
||